[Event "Titled Tuesday intern op 12th May"]
[Site "Chess.com INT"]
[Date "2020.05.12"]
[Round "5"]
[White "Vusatiuk, Vladimir"]
[Black "Dong, Nghia"]
[Result "1-0"]
[WhiteElo "2323"]
[BlackElo "2477"]
[PlyCount "107"]
[EventDate "2020.05.12"]
[EventType "swiss (blitz)"]
[EventRounds "10"]
[EventCountry "USA"]
[SourceTitle "EXT 2021"]
[Source "ChessBase"]
[SourceDate "2020.10.23"]
[SourceVersion "1"]
[SourceVersionDate "2020.10.23"]
[SourceQuality "1"]

1. e4 e6 2. d4 d5 3. Nd2 Nc6 4. Ngf3 Nf6 5. exd5 exd5 6. Bd3 Bd6 7. c3 0-0 8. 0-0 Ne7 9. h3 c6 10. Re1 Ng6 11. Nf1 Qc7 12. Qc2 Bd7 13. Bg5 Nh5 14. Ne3 Bf4 15. Ng4 Rae8 16. Bxf4 Nhxf4 17. Nge5 Bc8 18. Bf1 f6 19. Nxg6 hxg6 20. Nh4 g5 21. Ng6 Nxg6 22. Qxg6 Qf7 23. Qxf7+ Kxf7 24. Bd3 g4 25. h4 f5 26. g3 Kf6 27. a4 g5 28. hxg5+ Kxg5 29. Kg2 b6 30. Rxe8 Rxe8 31. Rh1 Re7 32. Rh8 Bb7 33. Rg8+ Kf6 34. Rf8+ Kg7 35. Rxf5 c5 36. Rg5+ Kf6 37. Rxg4 c4 38. Bb1 Re2 39. Rg6+ Kf7 40. Rh6 Rxb2 41. Bf5 b5 42. Rh7+ Kf6 43. g4 bxa4 44. Kg3 Bc8 45. Bxc8 Rb8 46. Bf5 Rg8 47. Rxa7 Rb8 48. Rxa4 Rb3 49. Ra6+ Kg7 50. Kf4 Rxc3 51. Kg5 Rf3 52. Ra7+ Kf8 53. Kf6 Kg8 54. Ra8# 1-0

[Event "Titled Tuesday intern op 5th May"]
[Site "Chess.com INT"]
[Date "2020.05.05"]
[Round "2"]
[White "Belous, Vladimir"]
[Black "Dong, Nghia"]
[Result "0-1"]
[WhiteElo "2524"]
[BlackElo "2525"]
[PlyCount "96"]
[EventDate "2020.05.05"]
[EventType "swiss (blitz)"]
[EventRounds "10"]
[EventCountry "USA"]
[SourceTitle "EXT 2021"]
[Source "ChessBase"]
[SourceDate "2020.10.23"]
[SourceVersion "1"]
[SourceVersionDate "2020.10.23"]
[SourceQuality "1"]

1. Nf3 d5 2. c4 e6 3. g3 g6 4. Bg2 Bg7 5. 0-0 Ne7 6. d4 0-0 7. Qc2 Nbc6 8. Rd1 a5 9. Bf4 Nf5 10. e3 h5 11. Nc3 Nce7 12. e4 dxe4 13. Nxe4 Nd6 14. Ne5 Nef5 15. Nc3 g5 16. Be3 Nxe3 17. fxe3 Nf5 18. Nf3 Nxe3 19. Qd2 Nxd1 20. Rxd1 g4 21. Nh4 Ra6 22. Ne4 f5 23. Nc5 Rd6 24. d5 f4 25. Ng6 f3 26. Nxf8 Qxf8 27. Bf1 exd5 28. cxd5 Bf5 29. Bc4 b6 30. Nd3 Bh6 31. Nf4 Bd7 32. Kf2 b5 33. Bb3 a4 34. Bc2 Bxf4 35. Qxf4 Qxf4 36. gxf4 Kg7 37. h3 Kf6 38. hxg4 hxg4 39. Be4 Bf5 40. Ke3 Bxe4 41. Kxe4 c6 42. Rh1 cxd5+ 43. Ke3 d4+ 44. Kf2 Kf5 45. Kg3 d3 46. Rh5+ Ke4 47. Re5+ Kd4 48. Kxg4 d2 0-1

[Event "Titled Tuesday intern op 5th May"]
[Site "Chess.com INT"]
[Date "2020.05.05"]
[Round "4"]
[White "Dong, Nghia"]
[Black "Idani, Pouya"]
[Result "1-0"]
[WhiteElo "2550"]
[BlackElo "2588"]
[PlyCount "99"]
[EventDate "2020.05.05"]
[EventType "swiss (blitz)"]
[EventRounds "10"]
[EventCountry "USA"]
[SourceTitle "EXT 2021"]
[Source "ChessBase"]
[SourceDate "2020.10.23"]
[SourceVersion "1"]
[SourceVersionDate "2020.10.23"]
[SourceQuality "1"]

1. d4 f5 2. Bf4 Nf6 3. e3 d6 4. h3 Nc6 5. a4 e5 6. Bh2 Qe7 7. d5 Nd8 8. Nf3 g6 9. Be2 Bg7 10. 0-0 a5 11. Na3 0-0 12. Nb5 Nf7 13. Bc4 g5 14. Ra3 h5 15. Nd2 f4 16. exf4 gxf4 17. Re1 c6 18. Nc3 Qc7 19. Nde4 b5 20. axb5 cxb5 21. Bxb5 Nh6 22. Bc6 Rb8 23. Nb5 Rxb5 24. Bxb5 Nxe4 25. Rxe4 Bf5 26. Rc4 Qb6 27. Rb3 Qd8 28. Rc6 Bg6 29. Bd3 e4 30. Be2 Qg5 31. h4 Qe5 32. Rb7 Nf5 33. Bxh5 Nxh4 34. Bxg6 Qg5 35. Bxe4 f3 36. Bg3 fxg2 37. Rcc7 Be5 38. Bxg2 Nxg2 39. Kxg2 Rxf2+ 40. Kxf2 Qxg3+ 41. Ke2 Qg2+ 42. Ke3 Qg5+ 43. Kd3 Qg3+ 44. Kc4 Qf4+ 45. Kb5 Qb4+ 46. Kc6 Qa4+ 47. Rb5 Qc4+ 48. Kb6 Bd4+ 49. Ka6 Qxc7 50. Qxd4 1-0

[Event "Titled Tuesday intern op 5th May"]
[Site "Chess.com INT"]
[Date "2020.05.05"]
[Round "8"]
[White "Eynullayev, Altay Elshan"]
[Black "Dong, Nghia"]
[Result "1-0"]
[WhiteElo "2227"]
[BlackElo "2527"]
[PlyCount "59"]
[EventDate "2020.05.05"]
[EventType "swiss (blitz)"]
[EventRounds "10"]
[EventCountry "USA"]
[SourceTitle "EXT 2021"]
[Source "ChessBase"]
[SourceDate "2020.10.23"]
[SourceVersion "1"]
[SourceVersionDate "2020.10.23"]
[SourceQuality "1"]

1. e4 e6 2. d4 d5 3. Nc3 dxe4 4. Nxe4 Bd7 5. Nf3 Bc6 6. Bd3 Nd7 7. c3 Ngf6 8. Nxf6+ Nxf6 9. Bf4 Bd6 10. Ne5 Bxe5 11. Bxe5 Qe7 12. Qe2 0-0-0 13. 0-0 h5 14. b4 Rh6 15. b5 Be8 16. a4 Ng4 17. Bxg7 Rg6 18. Bxg6 fxg6 19. Be5 g5 20. a5 Nxe5 21. dxe5 Rd5 22. c4 Rd4 23. a6 Qc5 24. axb7+ Kxb7 25. Ra4 Bg6 26. Rfa1 Re4 27. Rxa7+ Kc8 28. Ra8+ Kd7 29. Qd2+ Rd4 30. Qxg5 1-0

[Event "Titled Tuesday intern op 5th May"]
[Site "Chess.com INT"]
[Date "2020.05.05"]
[Round "5"]
[White "Harsha, Bharathakoti"]
[Black "Dong, Nghia"]
[Result "1-0"]
[WhiteElo "2509"]
[BlackElo "2547"]
[PlyCount "87"]
[EventDate "2020.05.05"]
[EventType "swiss (blitz)"]
[EventRounds "10"]
[EventCountry "USA"]
[SourceTitle "EXT 2021"]
[Source "ChessBase"]
[SourceDate "2020.10.23"]
[SourceVersion "1"]
[SourceVersionDate "2020.10.23"]
[SourceQuality "1"]

1. Nf3 d5 2. c4 e6 3. d4 Nf6 4. Nc3 Be7 5. Bf4 0-0 6. a3 a5 7. Qc2 c5 8. dxc5 Bxc5 9. e3 Qe7 10. Rd1 Rd8 11. Bg5 dxc4 12. Rxd8+ Qxd8 13. Bxc4 h6 14. Bh4 Bd7 15. 0-0 Be7 16. Ne5 Be8 17. Rd1 Qc8 18. Qe2 Nc6 19. Bg3 Nxe5 20. Bxe5 Nd7 21. Bg3 Nb6 22. Bb5 Bc6 23. h3 Bf6 24. Bxc6 Qxc6 25. Rd6 Qc4 26. Rxb6 Qc5 27. Rb5 Qc6 28. Be5 Be7 29. Qf3 f6 30. Qxc6 bxc6 31. Rb7 Bf8 32. Bc7 a4 33. Ne4 f5 34. Nd2 Be7 35. Nc4 Bf6 36. Be5 Bxe5 37. Nxe5 Rc8 38. Rb4 c5 39. Rxa4 Rb8 40. b4 cxb4 41. Rxb4 Ra8 42. a4 Ra5 43. Nc4 Rc5 44. a5 1-0

[Event "Titled Tuesday intern op 28th Apr"]
[Site "Chess.com INT"]
[Date "2020.04.28"]
[Round "8"]
[White "Born, Carlos Rodrigo"]
[Black "Dong, Nghia"]
[Result "1-0"]
[WhiteElo "2292"]
[BlackElo "2467"]
[PlyCount "57"]
[EventDate "2020.04.28"]
[EventType "swiss (blitz)"]
[EventRounds "10"]
[EventCountry "USA"]
[SourceTitle "EXT 2021"]
[Source "ChessBase"]
[SourceDate "2020.10.23"]
[SourceVersion "1"]
[SourceVersionDate "2020.10.23"]
[SourceQuality "1"]

1. e4 e6 2. Qe2 d5 3. exd5 Qxd5 4. Nc3 Qa5 5. Nf3 Nf6 6. d4 c6 7. g3 Be7 8. Bg2 0-0 9. 0-0 Nbd7 10. Ne5 Re8 11. Re1 c5 12. Bd2 cxd4 13. Nd5 Qd8 14. Nxf7 Kxf7 15. Qxe6+ Kf8 16. Nxe7 Nc5 17. Qc4 Ne6 18. Nxc8 Rxc8 19. Bb4+ Kf7 20. Qb3 Qb6 21. Re5 Ng4 22. Re2 a5 23. Qf3+ Nf6 24. Ba3 Ng5 25. Qd3 Rxe2 26. Qxe2 Re8 27. Qd3 Nge4 28. Rd1 Rd8 29. Bxe4 1-0

[Event "Titled Tuesday intern op 28th Apr"]
[Site "Chess.com INT"]
[Date "2020.04.28"]
[Round "9"]
[White "Dong, Nghia"]
[Black "Baratosi, Daniel"]
[Result "0-1"]
[WhiteElo "2455"]
[BlackElo "2360"]
[PlyCount "70"]
[EventDate "2020.04.28"]
[EventType "swiss (blitz)"]
[EventRounds "10"]
[EventCountry "USA"]
[SourceTitle "EXT 2021"]
[Source "ChessBase"]
[SourceDate "2020.10.23"]
[SourceVersion "1"]
[SourceVersionDate "2020.10.23"]
[SourceQuality "1"]

1. d4 d5 2. Bf4 Nf6 3. Nf3 c5 4. e3 Nc6 5. c3 Qb6 6. Qc1 Bg4 7. Be2 e6 8. 0-0 Rc8 9. Nbd2 Nh5 10. Bg5 h6 11. Bh4 g5 12. Bg3 Nxg3 13. fxg3 Bg7 14. h3 Bh5 15. g4 Bg6 16. Kh1 cxd4 17. cxd4 0-0 18. Qe1 Nb4 19. Qg3 Nc2 20. Rac1 Nxe3 21. Rxc8 Rxc8 22. Re1 Nc2 23. Rf1 Nxd4 24. Nxd4 Qxd4 25. Nb3 Qxb2 26. Bf3 Qxa2 27. Nc1 Qa3 28. Ne2 a5 29. h4 a4 30. h5 Be4 31. Bxe4 Qxg3 32. Nxg3 dxe4 33. Nxe4 a3 34. Rf2 Rc1+ 35. Kh2 Bb2 0-1

[Event "Titled Tuesday intern op 28th Apr"]
[Site "Chess.com INT"]
[Date "2020.04.28"]
[Round "4"]
[White "Osmanodja, Filiz"]
[Black "Dong, Nghia"]
[Result "0-1"]
[WhiteElo "2293"]
[BlackElo "2470"]
[PlyCount "78"]
[EventDate "2020.04.28"]
[EventType "swiss (blitz)"]
[EventRounds "10"]
[EventCountry "USA"]
[SourceTitle "EXT 2021"]
[Source "ChessBase"]
[SourceDate "2020.10.23"]
[SourceVersion "1"]
[SourceVersionDate "2020.10.23"]
[SourceQuality "1"]

1. e4 e6 2. d4 d5 3. Nc3 dxe4 4. Nxe4 Bd7 5. Nf3 Bc6 6. Bd3 Nd7 7. 0-0 Ngf6 8. Qe2 Be7 9. c4 0-0 10. Nc3 b6 11. Ne5 Bb7 12. Bg5 h6 13. Bf4 c5 14. Nb5 cxd4 15. Nxd4 Bc5 16. Ndc6 Qc8 17. b4 Bxc6 18. bxc5 Nxc5 19. Bc2 Be4 20. Rac1 Qb7 21. f3 Bxc2 22. Rxc2 Rad8 23. Rd1 Qc8 24. g4 Rxd1+ 25. Qxd1 Rd8 26. Qe2 Nfd7 27. g5 Nxe5 28. Bxe5 hxg5 29. Qe3 f6 30. Bd4 e5 31. Bc3 Rd3 32. Qe1 Rxf3 33. Qd1 Rd3 34. Qh5 Qd7 35. Be1 Rd1 36. Rf2 Rxe1+ 37. Kg2 Qc6+ 38. Kg3 Rg1+ 39. Kh3 Qe6+ 0-1

[Event "Titled Tuesday intern op 28th Apr"]
[Site "Chess.com INT"]
[Date "2020.04.28"]
[Round "3"]
[White "Quesada Perez, Yasser"]
[Black "Dong, Nghia"]
[Result "1-0"]
[WhiteElo "2565"]
[BlackElo "2466"]
[PlyCount "121"]
[EventDate "2020.04.28"]
[EventType "swiss (blitz)"]
[EventRounds "10"]
[EventCountry "USA"]
[SourceTitle "EXT 2021"]
[Source "ChessBase"]
[SourceDate "2020.10.23"]
[SourceVersion "1"]
[SourceVersionDate "2020.10.23"]
[SourceQuality "1"]

1. e4 e6 2. d4 d5 3. Nc3 dxe4 4. Nxe4 Bd7 5. Nf3 Bc6 6. Ng3 Nd7 7. Bd3 Ngf6 8. 0-0 g6 9. c4 Bg7 10. Re1 0-0 11. Bf4 b6 12. Qe2 Bb7 13. Rad1 Qc8 14. Bb1 Re8 15. b4 c5 16. dxc5 bxc5 17. b5 e5 18. Bg5 e4 19. Nd2 h6 20. Bf4 h5 21. Ngxe4 Nxe4 22. Nxe4 f5 23. Qd2 Bxe4 24. Bxe4 Rxe4 25. Rxe4 fxe4 26. Qxd7 Qf8 27. Be3 Kh7 28. h3 Kh8 29. Qb7 Rd8 30. Rd7 Bd4 31. Rxd8 Qxd8 32. Qxe4 Bxe3 33. Qxe3 Qd1+ 34. Kh2 Qd6+ 35. f4 Kh7 36. Qe5 Qd2 37. a4 Qc2 38. Qe7+ Kh6 39. Qxc5 Qxa4 40. Qf8+ Kh7 41. Qf7+ Kh6 42. f5 gxf5 43. Qf6+ Kh7 44. Qxf5+ Kg7 45. Qg5+ Kf8 46. Qc5+ Kg7 47. Qe5+ Kg8 48. Qd5+ Kg7 49. Kg3 Qa3+ 50. Kf4 Qc1+ 51. Ke5 Qg5+ 52. Kd6 Qd8+ 53. Kc5 Qb6+ 54. Kb4 Qf2 55. Qe5+ Kg6 56. g4 Qd2+ 57. Kc5 Qf2+ 58. Kc6 Qb6+ 59. Kd7 Qb7+ 60. Qc7 Qe4 61. Qc6+ 1-0